| 000 | 00573nam a2200205Ia 4500 | ||
|---|---|---|---|
| 001 | 13922 | ||
| 003 | GE_BSU | ||
| 008 | 181216s||||||||xx |||||||||||||| ||und|| | ||
| 040 | _cGE_BSU | ||
| 080 | _a577 | ||
| 100 | _aRandles,Jenny; Hough,Peter. | ||
| 245 | _aLife after death and the world beyond.Investigating heaven and the spiritual dimension. | ||
| 260 | _aLondon. | ||
| 260 | _bBCA. | ||
| 260 | _c1996 | ||
| 300 | _a174p;25cm. | ||
| 300 | _bill. | ||
| 653 | _aLife after death and the world beyond.Investigating heaven and the spiritual dimension. | ||
| 942 | _cBK | ||
| 999 |
_c47065 _d47065 |
||